00763nam a2200253Ia 450000500170000000800460001702000180006303700100008104000080009104000080009904000080010704100080011504100080012308400080013110000630013924500780020226000130028026000130029326000090030685600720031594200100038799900210039795200910041820260121170138.0008 260114s9999 xx 000 0 eng d a9783319633695 aEBOOK aCRL beng cCRL 2eng aeng qCRL aSebastian V?duva, Ioan ?. Fotea, Andrew R. Thomas91060359 0aSolutions for Business, Culture and Religion in Eastern Europe and Beyond bSpringer bSpringer c2018 uhttps://link.springer.com/openurl?genre=book&isbn=978-3-319-63369-5 cEBOOK c1626088d1626088 00104070aCRLbCRLd2026-01-21l0pCL1737166r2026-01-21 17:01:38w2026-01-21yEBOOK